Statistics for Arkansas Interstates

Click here to take the quiz!

General Stats

  • This quiz has been taken 37 times
  • The average score is 8 of 11

Answer Stats

Answer% Correct
i40
100%
I30
97%
i49
83%
i55
83%
i440
73%
i430
70%
i630
67%
i540
63%
i530
60%
i555
60%
i369
23%

Score Distribution

Percentile by Number Answered

Percent of People with Each Score

Your Score History

You have not taken this quiz